00905 2200325 4500001002100000005001500021035002000036007000300056040001700059100002600076245008600102250001100188300003700199020001800236041000800254082001000262084001600272090002300288264003000311336002100341337003000362338002300392650002500415850001000440008004100450500002000491990002300511990002300534990002200557INLIS00000000000580320260424104714 a0010-0322000047ta aSBPUPADbind0 aAhmad YaniePengarang1 aSeri Praktis Perpajakan : :bSolusi Masalah Pajak Pertambahan Nilai /cAhmad Yani a.-Ed.1 axvi, 232 hlm. :billus. ;c23 cm a979-3465-98-0 aind a336.2 a336.2 AHM s a338.383 ABA m 10-3 aJakarta :bKencana,c2006 2rdacontentaTeks 2rdamediaaTanpa Perantara 2rdacarrieravolume 4aPajak dan Perpajakan aPUPAD260424 0  aTentang Penulis a5853/BR/ARPUS/2007 a5854/BR/ARPUS/2007 a5852/ARPUS-PDG/08